[Event "Vandoeuvre op 11th"]
[Site "Vandoeuvre"]
[Date "2014.12.29"]
[Round "8"]
[White "Guliyev, Namig"]
[Black "Batsiashvili, Nino"]
[Result "1/2-1/2"]
[WhiteElo "2557"]
[BlackElo "2483"]
[Annotator "RR"]
[PlyCount "108"]
[EventDate "2014.12.26"]
[EventType "swiss"]
[EventRounds "9"]
[EventCountry "FRA"]
[SourceTitle "EXT 2017"]
[Source "ChessBase"]
[SourceDate "2016.10.25"]
[SourceVersion "1"]
[SourceVersionDate "2016.10.25"]
[SourceQuality "1"]

1. e4 e5 2. Nf3 Nc6 3. Bb5 Nge7 4. O-O g6 5. c3 Bg7 6. d4 exd4 7. cxd4 a6 (7...
d5) 8. Ba4 b5 9. Bb3 O-O 10. Nc3 Na5 11. h3 {Une nouveauté dans cet ordre de
coups mais c'est une simple transposition après d6} d6 (11... d5 $5) 12. Bg5
h6 13. Bxe7 Qxe7 14. Nd5 Qd8 15. Rc1 Bb7 $146 (15... c6 16. Nf4 Nxb3 17. Qxb3
Qf6 18. Qe3 {Pacher,M (2403)-Mista,A (2561) CZE-chT 1112 2011 (4.1) 1/2}) 16.
Re1 Rc8 (16... Nxb3 17. Qxb3 c6 18. Nf4) 17. Nf4 Nxb3 18. Qxb3 c5 19. a4 c4 20.
Qb4 Qb6 21. a5 $1 {[%csl Ra6]} Qc7 22. Re3 Rfe8 $11 23. Rce1 Re7 $1 24. Nd5
Bxd5 25. exd5 Rce8 26. Kf1 Bf8 27. Nd2 Qd7 (27... Rxe3) 28. Ne4 Qf5 29. g4 Qf4
30. Qxd6 Qxd6 31. Nxd6 Rxe3 32. Nxe8 Rxe1+ 33. Kxe1 Bb4+ 34. Ke2 Kf8 35. Nc7
Bxa5 36. d6 (36. Nxa6 Ke7 37. Nc5 (37. Ke3 Kd6)) 36... b4 37. Nxa6 b3 (37...
Ke8 38. Nc5 $14) 38. Kd1 Ke8 39. Nc5 Bb4 40. f3 Kd8 41. h4 h5 $1 {[%csl Rh4]}
42. gxh5 gxh5 43. Ne4 $1 {[%csl Rh5][%cal Ge4f6]} Kd7 44. Nf6+ Kxd6 45. Nxh5
Kd5 46. Ng3 Kxd4 47. h5 $1 Kd3 {[%csl Rd1,Gd3]} 48. Kc1 c3 49. bxc3 Bxc3 50.
Ne4 Bd4 51. Nd6 Ke2 52. Nxf7 Kxf3 53. h6 Be3+ 54. Kb2 Bxh6 1/2-1/2

[Event "Cappelle op 31st"]
[Site "Cappelle la Grande"]
[Date "2015.02.28"]
[Round "1"]
[White "Baklan, Vladimir"]
[Black "Milchev, Nikolay"]
[Result "1/2-1/2"]
[WhiteElo "2652"]
[BlackElo "2409"]
[Annotator "RR"]
[PlyCount "81"]
[EventDate "2015.02.28"]
[EventType "swiss"]
[EventRounds "9"]
[EventCountry "FRA"]
[SourceTitle "EXT 2016"]
[Source "ChessBase"]
[SourceDate "2015.10.08"]
[SourceVersion "1"]
[SourceVersionDate "2015.10.08"]
[SourceQuality "1"]

1. e4 e5 2. Nf3 Nc6 3. Bb5 Nge7 4. Nc3 a6 (4... g6 {[%cal Gf8g7] La grande
ligne}) (4... d6) 5. Bc4 (5. Be2 d5 6. exd5 Nxd5 7. O-O Nxc3 8. bxc3 e4 9. Ne1
Bd6 10. d4 O-O 11. Be3 Ne7 12. c4 b6 13. c3 Nf5 14. Nc2 Nxe3 15. Nxe3 f5 16. f4
g5 17. g3 gxf4 18. gxf4 Kh8 19. Qe1 Qf6 20. Qf2 Qh6 21. Kh1 Bb7 22. Rab1 Bc6
23. c5 bxc5 24. d5 Bd7 25. Nc4 Qf6 26. Qe3 Bb5 27. Nxd6 cxd6 28. c4 Bd7 29. Rb7
Rf7 30. Rg1 Raf8 31. Qg3 Be8 32. Rb6 a5 33. Qg5 Qxg5 34. Rxg5 Rf6 {Solak,D 
(2598)-Sanikidze,T (2553) Denizli 2013 1/2-1/2}) 5... Ng6 6. h4 (6. d4) 6...
Be7 7. d3 (7. h5) 7... h6 8. Nd5 d6 9. h5 Nf8 10. c3 $146 (10. a4 Ne6 11. c3
Ng5 12. Nh4 Bd7 13. Be3 Bf6 14. g3 Be6 15. Qe2 O-O 16. Ba2 b5 17. Kf1 Rb8 18.
axb5 axb5 19. Kg2 Nh7 20. Nf5 Bxf5 21. exf5 Kh8 22. Qf3 Bg5 23. f6 gxf6 24. d4
Bxe3 25. Nxe3 exd4 26. Nf5 Ne5 27. Qf4 d3 28. Qxh6 Rg8 {0-1 (28) Iordachescu,V
(2425)-Tomescu,V (2395) Calarasi 1995}) 10... Na5 11. Nxe7 Qxe7 12. Qa4+ Nc6
13. b4 Bd7 14. Qb3 Be6 (14... b5 15. Bd5) 15. Nh4 Bxc4 16. Qxc4 Qe6 17. Nf5 $14
Rg8 18. Qb3 Ne7 19. Ne3 Qxb3 20. axb3 O-O-O $132 21. g3 Nh7 22. Bd2 Rgf8 23. c4
f5 24. Nd5 Nxd5 25. cxd5 Kd7 26. Ke2 $13 Rc8 27. Ra5 Rf7 28. b5 axb5 29. Rxb5
b6 30. Rb4 Ra8 31. Ra4 Rxa4 32. bxa4 Rf8 33. f4 exf4 34. gxf4 Nf6 35. Kf3 Re8
36. Bc3 fxe4+ 37. dxe4 Nxe4 38. Bxg7 Nd2+ 39. Kf2 Ne4+ 40. Kf3 Nd2+ 41. Kf2
1/2-1/2

[Event "Reykjavik op"]
[Site "Reykjavik"]
[Date "2015.03.12"]
[Round "4"]
[White "Abdumalik, Zhansaya"]
[Black "Gretarsson, Hjorvar Steinn"]
[Result "0-1"]
[WhiteElo "2379"]
[BlackElo "2554"]
[Annotator "Sagar Shah"]
[PlyCount "46"]
[EventDate "2015.03.10"]
[EventType "swiss"]
[EventRounds "10"]
[EventCountry "ISL"]
[SourceTitle "CBM 165 Extra"]
[Source "ChessBase"]
[SourceDate "2015.04.21"]
[SourceVersion "1"]
[SourceVersionDate "2015.04.21"]
[SourceQuality "1"]

{Zhansaya Abdumalik is one of the greatest rising talents in Women Chess
currently. She beat GM Henrik Danielsen in round three but in round four she
was unable to keep the momentum and lost to Gretarsson in a very interesting
game.} 1. e4 e5 2. Nf3 Nc6 3. Bb5 Nge7 4. c3 (4. O-O {is more popular than 4.
c3 that was played in the game.}) 4... d5 {A very interesting variation which
allows White to take the pawn on e5.} 5. Nxe5 (5. exd5 Qxd5 $15 {is just
better for Black as a knight can no longer develop on c3.}) 5... dxe4 6. Nxc6 (
6. d4 {and}) (6. Qe2 {are the main moves in this position.}) 6... bxc6 7. Bc4
Nd5 {By the looks of it things look pretty good for White. Black pawn
structure is completely ruined. While seeing static features is easier, the
dynamic ones are a tad difficult to spot. Look at the black bishops. They have
excellent open diagonals to work with while the white bishop on c1 is sort of
locked in. All in all Black is doing excellently in this position.} 8. Qe2 Be6
$1 9. Qxe4 Bd6 $1 {White wins a pawn but Black keeps developing.} 10. Bxd5 $2 {
What was the need to give up the bishop?} (10. d4 $1 O-O 11. Bd3 (11. O-O $6
Nxc3 $1 12. Qxc6 (12. bxc3 Bxc4 $15) 12... Nd5 $11) 11... Nf6 12. Qh4 {And
with 0-0 coming up White is doing pretty well but Black has compensation.})
10... cxd5 $15 {Black is just better now.} 11. Qf3 O-O 12. d4 Qh4 $5 13. h3 (
13. g3 Qh3 {would be quite irritating. 0-0 is no longer possible and Bg4 is
coming up.}) 13... Rae8 14. O-O {If given time White would develop and gain an
equal position but Black gives no such respite!} (14. Be3 {would run into the
very pretty} Bg4 $1 15. Qxg4 Rxe3+ $1 16. Kf1 Qf6 17. Nd2 Rfe8 18. Nf3 Re2 $17
{Black has a dangerous initiative.}) 14... g5 $1 {The pawn on h3 is a perfect
hook and Black exploits it perfectly.} 15. Qf6 (15. g3 Qxh3 16. Bxg5 Bg4 17.
Qh1 (17. Qg2 Qh5 $17) 17... Re2 $1 $15 {Black is better but this was the best
option available for White.}) 15... h6 $1 $19 {A cool and calm move! The
threat is Bxh3 with a mating attack. The queen has to retreat.} 16. Qf3 (16.
Be3 Bxh3 17. gxh3 Qxh3 $19) (16. Nd2 Bxh3 17. gxh3 Qxh3 18. f4 Qg3+ 19. Kh1 Re2
$19) 16... g4 $1 {Black's attack rolls on like clock work.} 17. Qe3 Kg7 $1 {
It is already difficult to give White any advice. Look at his undeveloped
queenside pieces.} 18. f4 gxh3 19. Qf2 Qh5 20. Nd2 (20. g3 Bf5 21. Nd2 Re2 $19)
20... hxg2 21. Qxg2+ Kh7 22. Qh1 Rg8+ 23. Kf2 Bh3 {With a decisive attack. The
game ended after a few moves. A great game by Steinn Gretarsson.} 0-1

[Event "Groningen"]
[Site "Groningen"]
[Date "1989.??.??"]
[Round "?"]
[White "Anand, Viswanathan"]
[Black "Smyslov, Vassily V"]
[Result "1/2-1/2"]
[WhiteElo "2555"]
[BlackElo "2570"]
[Annotator "Schussler,H"]
[PlyCount "40"]
[EventDate "1989.12.??"]
[EventType "tourn"]
[EventRounds "9"]
[EventCountry "NED"]
[EventCategory "11"]
[SourceTitle "CBM 016"]
[Source "ChessBase"]
[SourceDate "1990.06.01"]
[SourceVersion "1"]
[SourceVersionDate "1990.06.01"]
[SourceQuality "1"]

1. e4 e5 2. Nf3 Nc6 3. Bb5 g6 4. d4 exd4 5. Bg5 Be7 6. Bf4 Nf6 7. e5 Nd5 8. Bh6
a6 9. Ba4 Nb6 10. Bb3 d5 11. exd6 (11. Nxd4 Nxd4 12. Qxd4 c5 13. Ba4+ Nxa4 14.
Qxa4+ Bd7 15. Qb3 Bc6 16. Nd2 Qd7 $13 {Sax-Radulov, Warszaw (zt) 1987.}) 11...
Qxd6 12. O-O Be6 13. Bxe6 fxe6 14. Nbd2 O-O-O 15. Re1 Qd5 16. Qe2 Rhe8 17.
Qxe6+ Qxe6 18. Rxe6 Bf8 19. Rxe8 Rxe8 20. Bxf8 Rxf8 1/2-1/2

[Event "Kerteminde"]
[Site "Kerteminde"]
[Date "1991.??.??"]
[Round "8"]
[White "Jansa, Vlastimil"]
[Black "Hector, Jonny"]
[Result "1-0"]
[WhiteElo "2495"]
[BlackElo "2465"]
[Annotator "Schussler,H"]
[PlyCount "115"]
[EventDate "1991.02.??"]
[EventType "tourn"]
[EventRounds "9"]
[EventCountry "DEN"]
[EventCategory "10"]
[SourceTitle "CBM 023"]
[Source "ChessBase"]
[SourceDate "1991.08.01"]
[SourceVersion "1"]
[SourceVersionDate "1991.08.01"]
[SourceQuality "1"]

1. e4 e5 2. Nf3 Nc6 3. Bb5 Bb4 4. c3 Ba5 5. Na3 Bb6 6. Nc4 d6 7. d4 exd4 8.
cxd4 d5 9. exd5 Qxd5 10. Qa4 Bd7 $5 (10... a6 11. Nxb6 cxb6 12. Bc4 Qa5+ 13.
Qxa5 Nxa5 14. Ne5 Be6 15. Bxe6 fxe6 $14 {Sax,G-Hector,J, Haninge 1990}) 11. O-O
Nge7 12. Re1 a6 13. Bxc6 Qxc6 14. Qa3 Be6 15. Bg5 f6 16. Nxb6 Qxb6 17. Re2 $1
fxg5 18. Nxg5 $18 Qd6 19. Qxd6 cxd6 20. Nxe6 Kd7 21. Nxg7 Rhg8 22. Ne6 Nd5 23.
f4 Rg6 24. f5 Rf6 25. Rf1 Rg8 26. Rf3 h6 27. h3 Ne7 28. Rc3 Nd5 29. Rb3 b5 30.
Ra3 Rxf5 31. Rxa6 Rf6 32. Ra7+ Kc6 33. Ra6+ Kd7 34. Ra7+ Kc6 35. Rg7 Rxg7 {
35. - Rxe6 36.Rc2+ + -} 36. Nxg7 Nf4 37. Rf2 Kd5 38. Kf1 Ke4 39. g3 Nd5 40.
Rxf6 Nxf6 41. g4 Kxd4 42. Nf5+ Kd3 43. Nxh6 Kc2 44. g5 Nh5 45. b4 d5 46. Nf5
Kc3 47. g6 d4 48. g7 Nf6 (48... Nxg7 49. Nxg7 d3 50. Nf5 $18) 49. h4 d3 50. h5
Ng8 51. Ke1 Kc2 52. Nd4+ Kc1 53. Kf2 d2 54. Nb3+ Kb2 55. Nxd2 Kxa2 56. Kf3 Ka3
57. Kf4 Kxb4 58. Kg5 1-0

[Event "Zug FIDE GP"]
[Site "Zug"]
[Date "2013.04.24"]
[Round "6"]
[White "Kasimdzhanov, Rustam"]
[Black "Nakamura, Hikaru"]
[Result "0-1"]
[WhiteElo "2709"]
[BlackElo "2767"]
[Annotator "Szabo,Kr"]
[PlyCount "82"]
[EventDate "2013.04.18"]
[EventType "tourn"]
[EventRounds "11"]
[EventCountry "SUI"]
[EventCategory "21"]
[SourceTitle "CBM 154"]
[Source "ChessBase"]
[SourceDate "2013.05.15"]
[SourceVersion "1"]
[SourceVersionDate "2013.05.15"]
[SourceQuality "1"]

1. e4 Nc6 2. Nf3 e5 3. Bb5 Nge7 4. Nc3 d6 (4... g6 {is the main line and White
usually plays} 5. d4 exd4 6. Nd5 Bg7 7. Bg5 {etc.}) 5. d4 a6 6. Be2 ({Last
year Nakamura already tried this sideline with Black, but his opponent
Dominguez played} 6. Bc4 b5 7. Be2 exd4 8. Nd5 Ne5 9. Qxd4 c5 10. Qd1 Nxd5 11.
Qxd5 Be6 12. Qd1 Be7 13. O-O O-O 14. c3 Qb6 {with a comfortable position for
Black, Dominguez Perez-Nakamura, London 2012}) 6... exd4 (6... Nxd4 {was the
main move, probably Black doesn't want to allow Nd5 after exd4.} 7. Nxd4 exd4
8. Qxd4 {transposes to the game.}) 7. Nxd4 (7. Nd5 $5 {was an interesting
alternative, similar to the Belgrade Gambit} Nxd5 8. exd5 Ne5 9. Nxd4 Be7 {
Black's position looks solid, on the other hand White has gained some space.})
7... Nxd4 8. Qxd4 Nc6 9. Qe3 (9. Qd3 {was also tried} g6 10. h4 Bg7 11. Bg5 f6
12. Be3 Be6 13. Nd5 Qd7 14. O-O-O f5 15. h5 $14 {Inarkiev-I.Sokolov, Plovdiv
2012.}) 9... g6 10. Qg5 $5 $146 {A logical novelty. Kasimdzhanov offers the
exchange of the Q, because the c7 P can become weak.} (10. Qg3 Be6 (10... Bg7 {
is also very similar.} 11. Bc4 Be6) 11. Nd5 Bg7 12. Bg5 f6 13. Be3 Qd7 14.
O-O-O Qf7 15. h4 f5 $132 {and Black looks nicely placed, Milov-Heimrath, Bad
Wiessee 2010.}) 10... h6 11. Qg3 $5 {In comparison to 10.Qg3 Black has an
extra h6. It is difficult to say that this is advantageous or not for White.} (
11. Qxd8+ Kxd8 (11... Nxd8 $6 12. Nd5 Ne6 13. f4 $14 {with a slight advantage
for White.}) 12. Be3 Bg7 {and Black's chances are not worse.}) 11... Be6 {
This move prevents Bc4.} ({After the natural} 11... Bg7 12. Bc4 {thanks to h6
now Black hasn't Be6, as the g6 P is hanging.} O-O 13. O-O (13. Qxg6 $2 {
could have been met by} Ne5 $1) 13... Ne5 14. Bb3 Be6 ({in case of} 14... Kh7 {
White can get the initiative after} 15. f4 Nc6 16. f5 {with some pressure.})
15. Bxe6 fxe6 16. Qh3 {with a double attack on h6 and e6.}) 12. O-O Ne7 {
Probably Nakamura didn't want to allow Nd5.} ({On the other hand, after} 12...
Bg7 13. Nd5 O-O 14. c3 Re8 {Black hasn't got any problems.}) 13. Be3 ({The
cheeky engine here also suggests} 13. Nd5 $1 Nxd5 (13... Bg7 14. Nf4) 14. exd5
Bxd5 15. Re1 Be7 16. Bf3 Bxf3 17. Qxf3 $44 {with huge compensation for the P.})
13... Bg7 14. Rad1 Qd7 15. Bd4 Bxd4 16. Rxd4 O-O-O {An interesting change in
the game. Nakamura has suddenly castled on the Q side.} 17. b4 $1 {
Kasimdzhanov immediately starts the attack against the opponent's K.} Qc6 ({
After the greedy} 17... Nc6 18. Rd2 Nxb4 19. Rb1 Nc6 20. Nd5 {White has good
attacking chances.}) 18. Rfd1 {It was important to protecting the d4 R.} (18.
a4 {could have been met by} Qb6 19. Rfd1 Nc6 $132) 18... g5 {The plan is Ng6
and e5 or f4.} 19. a4 Ng6 20. Bf1 {A prophylatic move. White simply avoids Nf4.
} Ne5 21. Qe3 $6 {An inaccurate move.} ({White should continue the plan with} 
21. b5 $1 axb5 22. axb5 Qc5 23. Na4 $1 Qxc2 24. b6 {with a dangerous attack.})
21... Qb6 22. a5 Qa7 23. Nd5 Kb8 24. Qc3 Rc8 {Black has protected his weakness
on c7, and now it is not so easy to continue with White.} 25. Ne7 {
Kasimdzhanov starts a very exciting sacrifice.} Rce8 26. Rxd6 $5 {This
sacrifice is objectively not so good, but a very creative one.} cxd6 27. Rxd6
Ng4 $1 28. Rb6 $1 {Closes the a7 diagonal and threatens Bxa6.} Ka8 29. Bxa6 $1
Rxe7 30. Qxh8+ Qb8 31. Qxb8+ Kxb8 32. Be2 Nf6 {Black has successfully defended
against White's attack. The N is stronger than 3 P, so Black's chances are
better.} 33. a6 $6 {A nervous move, which unnecessarily throws away the e4 P.}
(33. f3 Nd7 34. Rb5 f6 35. Kf2 {with a hope of holding the position.}) 33...
Nxe4 34. Bf3 Bd5 (34... Nd2 $5 35. Rxb7+ Rxb7 36. Bxb7 Ka7 {was also an
attractive possibility.}) 35. h4 f5 $6 {An inaccuracy, which again gives
chances for the draw.} ({Probably Nakamura didn't want to reduce the material
after} 35... gxh4 $1 {, but} 36. Rxh6 bxa6 37. Rxa6 Nc3 38. Bxd5 Nxd5 39. Rh6
Nxb4 40. Rxh4 Nxc2 41. Rf4 Rd7 42. g4 Nd4 {should be winning for Black!}) 36.
Rxh6 g4 37. Be2 $2 {Loses immediately, but White's position was already
difficult.} (37. Bxe4 {was the only way} Bxe4 38. Rh8+ Ka7 39. axb7 Rxb7 40. c3
{with some chances to reach the draw.}) 37... Nd2 $1 38. Bd3 f4 $1 {Nakamura
creates a wonderful mating net.} 39. Kh2 Re1 40. Rh8+ Ka7 41. axb7 Kxb7 {
and White resigned, because he can't prevent Nf3! For example:} (41... Kxb7 42.
Rh7+ Kb6 43. Rh6+ Kc7 44. Rh7+ Kd6 45. Rh6+ Ke7 46. Rh7+ Kf8 47. Rh8+ Kg7 48.
Rh7+ Kg8 $19 {followed by Nf3.}) 0-1

[Event "EU-ch 17th"]
[Site "Gjakova"]
[Date "2016.05.17"]
[Round "6"]
[White "Volokitin, Andrei"]
[Black "Ali Marandi, Cemil Can"]
[Result "1/2-1/2"]
[WhiteElo "2642"]
[BlackElo "2476"]
[Annotator "Volokitin,A"]
[PlyCount "139"]
[EventDate "2016.05.12"]
[EventType "swiss"]
[EventRounds "11"]
[EventCountry "KOS"]
[SourceTitle "CBM 173"]
[Source "ChessBase"]
[SourceDate "2016.07.12"]
[SourceVersion "1"]
[SourceVersionDate "2016.07.12"]
[SourceQuality "1"]

1. e4 e5 2. Nf3 Nc6 3. Bb5 g6 {Eine Überraschung. Mein Gegner hat diese
Variante zum ersten Mal gespielt.} 4. d4 exd4 5. Bg5 Be7 6. Bxe7 Qxe7 7. Bxc6
dxc6 8. Qxd4 Nf6 9. Nc3 Bg4 10. Nd2 ({Einmal spielte ich hier} 10. O-O-O {
, aber nach} Bxf3 11. gxf3 O-O {hat Weiß auch Schwächen am Königsflügel. Der
Zug 10.Nd2 sieht logisch aus. Weiß hat die bessere Struktur - wie in der
Abtauschvariante der Spanischen Partie.}) 10... c5 11. Qe3 O-O-O 12. h3 ({
Ich dachte hier auch an} 12. f3 {, aber die weiße Idee ist die Mehrheit der
Bauern am Königsflügel zu bewegen: f4, h3, g4, deshalb sieht 12.h3 stärker aus.
}) 12... Be6 ({Die andere Idee ist} 12... Bd7 13. O-O-O Bc6 14. f3 {und wegen
der besseren Struktur steht Weiß etwas besser.}) 13. O-O-O Nd7 {Schwarz will
sein Springer via b8 nach d4 überführen. Der weiße Plan ist sehr einfach zu
spielen: f4, Nf3, Rhe1 und f5 oder e5.} 14. f4 $14 f6 ({Nach} 14... Nb8 {
kann Weiß zur Partie übergehen:} 15. Rhe1 ({oder das Feld f6 benutzen} 15. e5
Nc6 16. Nde4 $14) 15... f6 (15... Nc6 $2 16. f5 $16)) 15. Rhe1 Rhe8 16. Nf3 Nb8
({Der Zug} 16... Nb6 {macht keinen Unterschied:} 17. Rxd8+ Rxd8 18. f5 $14 {
Ilescas Cordoba-Salov, Madrid 1997}) 17. Rxd8+ Rxd8 18. f5 $1 {Stark gespielt.
Weiß benutzt die Schwächung der schwarzen Felder am Königsflügel.} Bg8 (18...
Bf7 $2 {ist schwach wegen} 19. Qh6 $1 $16) 19. fxg6 hxg6 20. e5 $1 {Weiß
provoziert vorteilhafte Abtäusche.} Nd7 $1 {Die stärkste Verteidigung.} 21.
exf6 Qxe3+ $2 {Der Fehler. Natürlich darf Schwarz die Figuren nicht abtauschen,
denn das Bauerendspiel ist verloren.} ({Stärker war} 21... Qxf6 {, worauf ich
plante} 22. Qg5 $14 {mit dauerhaftem Vorteil.}) 22. Rxe3 Nxf6 23. Ne5 $1 $18 {
Richtig gespielt. Weiß benutzt die Schwäche auf g6. Meiner Meinung nach ist
die Stellung schon technisch gewonnen für Weiß.} Re8 {Schwarz fesselt den Ne5.}
({Der Zug} 23... Bh7 {sieht schrecklich aus.} {Nach} 24. Rf3 {muss Weiß
allmählich gewinnen.}) 24. Kd2 $2 ({Beide Spieler haben den Zug} 24. Rf3 $1 $18
{übersehen. Weiss gewinnt den Bauern auf g6 und die Partie.}) 24... g5 25. g4
$1 {Fixierte die Schwäche auf g5!} Bd5 26. Nf3 $1 {Weiß setzt seine
Abtauschstrategie fort.} Bxf3 27. Rxf3 Nd7 {Schwarz sucht Gegenspiel in der
Taktik.} 28. Rf5 Ne5 29. b3 b6 ({Oder} 29... c4 30. b4 $1 $18 {mit der Idee
Nd5 oder Nb5 und Kc3.}) 30. Nd5 $1 c6 31. Nf6 Re7 32. Kc1 $1 {Allmählich
gewinnt Weiß den Bauern auf g5. Schwarz hat nur einige taktische Ideen.} c4 (
32... Nf7 33. Nh7 $1 Nd6 34. Rf8+ Kd7 35. Nxg5 $18) 33. Rxg5 Nf3 34. Rg8+ Kc7
35. bxc4 Re6 36. Rf8 Re1+ 37. Kb2 Ne5 38. Re8 ({Vielleicht was es einfacher,
die Bauern nach vorne zu bewegen.} 38. h4 Re3 39. c3 Re2+ 40. Kb1 Nd3 41. h5
Rb2+ 42. Ka1 Rh2 43. a4 $18) 38... Re3 39. Kc1 Re1+ 40. Kd2 Nf3+ 41. Kc3 Rh1 {
Die Zeitkontrolle ist vorbei. Schwarz hat einige Drohungen, aber Weiß sollte
ohne Probleme gewinnen.} 42. Re7+ Kd6 43. Re3 {Weiß spielt auf Dominanz.} Ng5 (
43... Rxh3 44. Ne4+ Kc7 45. Nf2 Rg3 46. Kb2 $18) 44. c5+ $5 ({Der andere Weg
ist} 44. Ne8+ Kd7 45. Kd4 Nxh3 46. Nf6+ Kc7 47. Ke5 Rh2 48. a3 a5 49. c3 $18 {
und dann Ne4 und g5.}) 44... bxc5 45. Kc4 Nxh3 {Fast die ganze Partie spielte
ich ziemlich stark und jetzt wurde ich müde und machte eine Ungenauigkeit.} 46.
Ne4+ ({Das logische Ende der Partie war} 46. Ne8+ $1 Kd7 47. Kxc5 $18 Rf1 48.
Rxh3 Kxe8 49. Rh8+ Kd7 50. Rh7+ $18 {und Weiß gewinnt sehr leicht.}) 46... Kc7
47. Nxc5 $2 {Ein ernster Fehler. Danach kann Schwarz die Partie halten.} ({
Weiß gewinnt noch nach} 47. Kxc5 $1 Rh2 48. c4 Nf4 49. Nf6 Rxa2 50. Re7+ Kd8
51. Re4 Ng6 52. Kd6 Rd2+ 53. Kxc6 Ne7+ 54. Kc5 $18 {Weiß muss dieses Endspiel
gewinnen.}) 47... Nf2 $1 {Alle schwarzen Figuren sind jetzt im Spiel.} 48. Re7+
Kd8 49. Rd7+ Ke8 $1 {Einziger Zug.} 50. g5 Ne4 $1 {Plötzlich hat Schwarz
Gegenspiel und wegen des Mangels an Material kann er schon Remis machen.} 51.
Rg7 {Der beste praktische Chance.} (51. Rxa7 Nxg5 52. a4 Rh4+ $1 53. Kb3 (53.
Kc3 Ne4+ $1 54. Nxe4 Rxe4 {und das Turmendspiel ist unentschieden}) 53... Nf3
54. c3 Nd2+ 55. Kc2 Ne4 $1 {Ohne Springer kann Weiß nicht gewinnen.}) 51...
Nd6+ $1 {Mein Gegner spielte das Ende der Partie ausgezeichnet.} 52. Kb4 Rh4+
$1 53. Kb3 Rh3+ $1 54. c3 ({Nach} 54. Nd3 c5 55. Ka4 Rh4+ 56. Ka5 Rh2 {muss
Schwarz auch Remis machen.}) 54... Nb5 $1 55. Ne4 Re3 $1 56. Nf6+ (56. a4 Rxe4
57. axb5 cxb5 58. Rxa7 Rg4 59. Rg7 Kf8 60. Rg6 Ke7 {mit Remis.}) 56... Kf8 57.
Rb7 ({Oder} 57. Rd7 Rxc3+ 58. Kb4 Rg3 59. a4 Rxg5 $1 60. Nh7+ Ke8 $11) 57...
Rxc3+ 58. Kb4 Rf3 $1 {Sehr stark. Jetzt erreicht Schwarz das Remis ohne
Probleme.} 59. a4 Rf4+ $1 60. Kc5 Rxa4 61. Kxc6 (61. g6 Rc4+ $1) 61... Nd4+ 62.
Kd5 Nf5 63. Ke5 Ne7 64. Nd7+ Kf7 65. Nc5 Rb4 66. Rxa7 Rb5 67. Rc7 Kg6 68. Ke6
Nf5 69. Ne4 Ng7+ 70. Kd7 1/2-1/2